00253 a2200097 4500001001000000005001700010008004100027245001800068100002100086773004800107ART_1751120260410161750.0260409a 10aChasing stars1 aGroysberg, Boris0 tBook Summaryg- NÂș 14 (ene. 2011)wREV4099